000 00773nam a2200289Ia 4500
005 20260324150917.0
008 008 260324s9999 xx 000 0 eng d
020 _a9781351133517
037 _aEBOOK
040 _aCRL
040 _beng
040 _cCRL
041 _2eng
041 _aeng
084 _qCRL
100 _aP. Sargant Florence
_91192784
245 4 _aThe Statistical Method in Economics and Political Science
245 2 _bA Treatise on the Quantitative and Institutional Approach to Social and Industrial Problems
260 _bTaylor and Francis
260 _c1929
365 _a
365 _b255
856 _uhttp://www.taylorfrancis.com/books/9781351133517
942 _cEBOOK
999 _c1838303
_d1838303